Las múltiples dimensiones del juicio por jurados : estudios sobre el comportamiento del jurado. Jurado penal y jurado civil /
Guardado en:
| Autor Principal: | |
|---|---|
| Otros Autores: | |
| Formato: | Libro |
| Idioma: | Undetermined |
| Publicado: |
Buenos Aires :
Ad - Hoc,
2016.
|
| Edición: | 1a. ed. |
| Series: | Jurados y participación ciudadana en la administración de justicia ;
4 |
| Materias: | |
| Etiquetas: |
Agregar Etiqueta
Sin Etiquetas, Sea el primero en etiquetar este registro!
|
| LEADER | 00913nam a22001935a 4500 | ||
|---|---|---|---|
| 001 | DER.der015231 | ||
| 008 | 250624s2016####ag############000#0#und#d | ||
| 005 | 20250624172407.0 | ||
| 245 | 1 | 0 | |a Las múltiples dimensiones del juicio por jurados : |b estudios sobre el comportamiento del jurado. Jurado penal y jurado civil / |c Shari Seidman Diamond ; prólogo de Edmundo S. Hendler. |
| 250 | |a 1a. ed. | ||
| 260 | |a Buenos Aires : |b Ad - Hoc, |c 2016. | ||
| 300 | |a 360 p. | ||
| 490 | 1 | |a Jurados y participación ciudadana en la administración de justicia ; |v 4 | |
| 500 | |a Veredicto unánime. Deliberación. Prueba de ADN. Duda razonable. Jurado y jueces. Instrucciones legales al jurado. Jury nullification. Verdad, justicia y jurado. | ||
| 020 | |a 9789877450538 | ||
| 100 | 1 | |a Seidman Diamond, Shari. | |
| 700 | 1 | |a Hendler, Edmundo S., |e prol. | |
| 650 | 7 | |a DERECHO PROCESAL PENAL | |
| 859 | |a DERECHO |b BIB. DERECHO |h 345.05 |i SEI |p 0010616 | ||
